000
00286nam a2200097Ia 4500
082
_a
368.3 VANG
245
0
_a
Versekering : als wat jy wil weet
100
_a
VAN GIJSEN, Nico Cape Town, 2003 1ste uitg
_9
96486
942
_c
BK
008
210817s9999 xx 000 0 und d
999
_c
405463
_d
405462